Η κοινωνία της αναψυχής : η αξιοποίηση του ελέυθερου χρόνου στις διακοπές μέσα απο τον συγκερασμό τουρισμού και αθλητισμού

Saved in:
Bibliographic Details
Other Authors: Λύτρας, Περικλής Ν., 1953- (Editor)
Format: Book
Language:Greek
Published: Αθήνα : Interbooks, c2002
Subjects:
Tags: Add Tag
No Tags, Be the first to tag this record!

MARC

LEADER 00000cam a2200000 i 4500
001 1/50287
008 040308s2002 gre d
020 |a 960-390-112-1 
035 |l 10072557 
040 |a GR-MY-UA  |b gre  |e aacr 
041 0 |a gre 
082 0 |a 338.4791 
100 1 |a Λύτρας, Περικλής Ν.,   |d 1953-  |4 edt 
245 1 2 |a Η κοινωνία της αναψυχής :  |b η αξιοποίηση του ελέυθερου χρόνου στις διακοπές μέσα απο τον συγκερασμό τουρισμού και αθλητισμού /  |c Περικλής Ν. Λύτρας 
260 |a Αθήνα :   |b Interbooks,   |c c2002 
300 |a 225 σ.  |b εικ. 
504 |a Περιλαμβάνει βιβλιογραφία 
650 0 0 |a Sports and tourism  |z Greece. 
650 0 0 |a Sports facilities  |z Greece. 
852 |a INST  |b CHIOS  |e 20040308  |h 338.4791 ΛΥΤ  |p 005200012732  |q 005200012732  |t BK  |y 4  |x 20150107 
852 |a INST  |b CHIOS  |c EUDOXUS  |e 20190128  |h 338.4791 ΛΥΤ  |p 005200038624  |q 005200038624  |t BK  |y 0 
901 |a BIBL2-2004-1 
909 |a Χ  |b 107836 
970 |a ΒΑΣΙΛΑΚΗ  |b ΝΙΚΗ  |z 2004/03/08